000
00243nam a2200097Ia 4500
008
170619s9999 xx 000 0 und d
100
_a
Colin N Benwell
245
0
_a
Fundamentals of moleculer Spectroscopy
260
_b
New Delhi: TMH
260
_c
2002
546
_a
ENGLISH
999
_c
16552
_d
16552